LEADER 00440nas0 22001813i 450 001 SBL0285223 005 20251003044351.0 100 $a20130827f ||||0itac50 ba 102 $ait 110 $abzu ||||||| 200 1 $aUniverso 210 $aRoma$cEdizioni scientifiche Siderea. 801 3$aIT$bIT-000000$c20130827 850 $aIT-NA0079 912 $aSBL0285223 977 $a 01$a BN 996 $aUniverso$9107182 997 $aUNISANNIO